000 00419nam a2200181Ia 4500
001 531
005 20260306140524.0
008 260306t1998||||xx |||||||||||||| ||spa||
041 _aESP
082 _a124.8
_bC76
100 _aComte, Auguste, 1798-1857
_eAUT
245 0 _aLa filosofía positiva
260 _c1998
300 _a303 páginas :
_c22 cm.
650 _aGEN
654 _aCHU
942 _cLIB
_dJUS
_fJUS
_2ddc
_n
999 _c531
_d531